| 000 | 00670nam a22001937a 4500 | ||
|---|---|---|---|
| 999 |
_c180597 _d180597 |
||
| 005 | 20220221125337.0 | ||
| 010 | _aENG-129838 | ||
| 020 |
_c995.00 _a978-81-7658-098-4 |
||
| 035 | _aEN-113370 | ||
| 037 | _bDBAD/PUB | ||
| 082 | _a323.3409542 | ||
| 100 | _aChandhok, Gunjan | ||
| 245 |
_aAutonomy Over Anatomy: _bReproductive and Sexual Health Rights/ _cGunjan Chandhok |
||
| 250 | _a2020 | ||
| 260 |
_bUppal Publishing House _c2020 _aNew Delhi |
||
| 270 |
_a23 Ansari Road ,Darya ganj _bNew Delhi _e110002 _k011-23273756 _muppalbooks@gmail.com |
||
| 300 |
_a209 p. _c22cm (hbk) _bBibiliography, Index, References |
||
| 942 |
_2ddc _cEN _h323.3409542 _mCHA |
||